| 000 | 00356nam a2200121Ia 4500 | ||
|---|---|---|---|
| 008 | 150202s9999 xx 000 0 und d | ||
| 050 |
_aFIC _bFIC |
||
| 100 | _aJames, Blakely ST. | ||
| 245 |
_aChristina enchanted / _cBalkely ST. James. |
||
| 260 |
_aNew York : _bPlayboy Press and Paperbacks, _c1979. |
||
| 300 |
_a254 pages : _c18 cm. |
||
| 650 | _aFiction. | ||
| 999 |
_c282400 _d282400 |
||